Die Top 16 aller PDC Dartsspieler 1998 - Statistiken

Allgemein
  • Dieses Quiz wurde 18 mal gespielt
  • Das Durchschnittsergebnis liegt bei 8 aus 16
Antwortstatistiken
Weltranglistenplatz Land Dartsspieler % Korrekt
1 England Phil Taylor
100%
15 Singapur Paul Lim
86%
3 England Dennis Priestley
64%
2 England Rod Harrington
64%
4 England Alan Warriner-Little
57%
11 England Bob Anderson
57%
16 England John Lowe
57%
6 England Keith Deller
50%
5 England Peter Evison
50%
7 England Peter Manley
50%
8 England Eric Bristow
43%
10 Schottland Jamie Harvey
36%
12 USA Steve Brown
36%
13 USA Gary Mawson
21%
9 England Shayne Burgess
21%
14 England Mick Manning
14%
Keine übereinstimmenden Quizze gefunden
Verteilung der Resultate
Anzahl Personen mit jedem Resultat
Perzentil nach korrekt beantworteten Fragen
Ihre Resultats-Entwicklung
Sie haben dieses Quiz noch nicht gespielt